| 000 | 00370nam a2200133 a 4500 | ||
|---|---|---|---|
| 005 | 20141022142003.0 | ||
| 008 | 120307s19uu xx 00 eng d | ||
| 050 |
_aCD _bW84 2001 |
||
| 100 | _aHockenberry, Marilyn | ||
| 245 |
_aWong's essentials of pediatric nursing / _cMarilyn Hockenberry, David Wilson. |
||
| 260 | _c2001. | ||
| 700 | _aWilson, David | ||
| 942 | _cAVM | ||
| 999 |
_c276392 _d276392 |
||